UM Logo
Normal view MARC view
  • de Vera, Ben O.

Entry Personal Name

Number of records used in: 1

001 - CONTROL NUMBER

  • control field: 46715

003 - CONTROL NUMBER IDENTIFIER

  • control field: OSt

005 - DATE AND TIME OF LATEST TRANSACTION

  • control field: 20221108150539.0

008 - FIXED-LENGTH DATA ELEMENTS

  • fixed length control field: 221108|| aca||aabn | a|a d

040 ## - CATALOGING SOURCE

  • Original cataloging agency: OSt
  • Transcribing agency: OSt

100 ## - HEADING--PERSONAL NAME

  • Personal name: de Vera, Ben O.

670 ## - SOURCE DATA FOUND

  • Source citation: Work cat.: (OSt): de Vera, Ben O., Gov't steps up drive vs cigarette smuggling / , January 30, 2020.